Pipeline and plumbing installation (Record no. 3487)
[ view plain ]
| 000 -LEADER | |
|---|---|
| fixed length control field | 00829nac a22002171u 4500 |
| 010 ## - LIBRARY OF CONGRESS CONTROL NUMBER | |
| LC control number | 78889410 |
| 082 00 - DEWEY DECIMAL CLASSIFICATION NUMBER | |
| Classification number | 696.2 |
| Item number | B6455 |
| 090 ## - LOCALLY ASSIGNED LC-TYPE CALL NUMBER (OCLC); LOCAL CALL NUMBER (OCLC) | |
| -- | 3487 |
| -- | 3487 |
| 100 ## - MAIN ENTRY--PERSONAL NAME | |
| Personal name | Borodin, Ivan Vasilʹe |
| 245 10 - TITLE STATEMENT | |
| Title | Pipeline and plumbing installation |
| Statement of responsibility, etc | [by] I. V. Borodin. Translated from the Russian by D. A. Schwartz. |
| 260 ## - PUBLICATION, DISTRIBUTION, ETC. (IMPRINT) | |
| Place of publication, distribution, etc | Moscow, |
| Name of publisher, distributor, etc | Mir Publishers, |
| Date of publication, distribution, etc | 1970. |
| 300 ## - PHYSICAL DESCRIPTION | |
| Extent | 437 p. |
| Other physical details | illus. |
| Dimensions | 21 cm. |
| 500 ## - GENERAL NOTE | |
| General note | Revised English translation of 1968 Russian ed. published under title Montazh truboprovodov. |
| 500 ## - GENERAL NOTE | |
| General note | Donaions. |
| 500 ## - GENERAL NOTE | |
| General note | Donations - Bibliotheca Alexandrina. |
| 504 ## - BIBLIOGRAPHY, ETC. NOTE | |
| Bibliography, etc | Includes Index. |
| 650 #0 - SUBJECT ADDED ENTRY--TOPICAL TERM | |
| Topical term or geographic name as entry element | Plumbing. |
| 650 #0 - SUBJECT ADDED ENTRY--TOPICAL TERM | |
| Topical term or geographic name as entry element | Piping. |
| 942 ## - ADDED ENTRY ELEMENTS (KOHA) | |
| Item type | Book - Borrowing |
| Call number prefix | 696.2B6455 |
| Withdrawn status | Item status | Source of classification or shelving scheme | Damaged status | Not for loan | Home library | Current library | Shelving location | Date acquired | Source of acquisition | Total Checkouts | Full call number | Barcode | Date last seen | Date last borrowed | Koha item type |
|---|---|---|---|---|---|---|---|---|---|---|---|---|---|---|---|
| Dewey Decimal Classification | Central Library | Central Library | First floor | 19/04/2007 | Purchase | 1 | 696.2 BOR | 000030474 | 15/07/2025 | 13/11/2016 | Book - Borrowing |